Statistics for 10 Biggest Cities in Order: WWII Axis Countries

Click here to take the quiz!

General Stats

  • This quiz has been taken 75 times
  • The average score is 4 of 10

Answer Stats

# Answer % Correct
1Tokyo
97%
3Berlin
71%
4Rome
68%
5Osaka
48%
2Yokohama
38%
6Nagoya
33%
10Hamburg
33%
7Sapporo
20%
9Budapest
11%
8Bucharest
8%

Score Distribution

Percentile by Number Answered

Percent of People with Each Score

Your Score History

You have not taken this quiz